banner-ar

المستقبل العربى ( ديسمبر 2006 العدد 334 ) (Record no. 9020)

MARC details
000 -الفاتح
حقل البيانات ثابتة الطول 00770nam a2200205Ia 4500
008 - عناصر البيانات ثابتة الطول - معلومات عامة
حقل البيانات ثابتة الطول 140319s9999 xx 000 0 ara d
020 ## - الرقم الدولى المعيارى للكتب
الرقم الدولى المعيارى للكتاب 98341024
040 ## - مصدر الفهرسة
وكالة الفهرسة الأصلية GCL /
وكالة النسخ GCL
082 04 - رقم تصنيف ديوى العشرى
رقم التصنيف د
رقم المادة 050
-- م م
245 10 - بيان العنوان
العنوان المستقبل العربى ( ديسمبر 2006 العدد 334 )
260 ## - PUBLICATION, DISTRIBUTION, ETC. (IMPRINT)
تاريخ النشر أو التوزيع 2006
650 04 - المدخل الاضافى بالموضوع-مصطلح موضوعى
مصطلح موضوعي الديمقراطية
650 04 - المدخل الاضافى بالموضوع-مصطلح موضوعى
مصطلح موضوعي ابن خلدون
650 04 - المدخل الاضافى بالموضوع-مصطلح موضوعى
مصطلح موضوعي منظمة الاقطار المصدرة للبترول
650 04 - المدخل الاضافى بالموضوع-مصطلح موضوعى
مصطلح موضوعي فلسطين - الاحوال السياسية
650 04 - المدخل الاضافى بالموضوع-مصطلح موضوعى
مصطلح موضوعي الولايات المتحدة الامريكية - الاحوال السياسية
650 04 - المدخل الاضافى بالموضوع-مصطلح موضوعى
مصطلح موضوعي الحرب الاهلية - العراق
942 ## - عناصر المدخل الإضافي( كوها)
مصدر التصنيف او مخطط الترفيف Dewey Decimal Classification
Koha [default] item type الدوريات
260 ## - PUBLICATION, DISTRIBUTION, ETC. (IMPRINT)
-- بيروت :
-- مركز دراسات الوحدة العربية ،
Holdings
حالة التراجع حالة الفقد حالة تلف ليس للاعارة المكان المؤقت الموقع الحالى تاريخ الاكتساب اجمالي اﻻعارات رقم الطلب الباركود تاريخ اخر مشاهدة تاريخ تفعيل السعر نوع وعاء كوها
        مكتبة القاهرة الكبرى مكتبة القاهرة الكبرى 03/26/2014   د\050\م م 18836 03/26/2014 03/26/2014 الدوريات

Powered By

EGPV